Nalaganje...

Japan /

Bibliografske podrobnosti
Drugi avtorji: Borton, Hugh (Editor)
Jezik:Undetermined
Izdano: 1951.
Teme:
LEADER 00413nam a2200145Ia 4500
001 6358
008 170722s9999 xx 000 0 und d
245 |a Japan / 
260 |c 1951. 
653 |a Generalia 
653 |a Japan 
700 |a Borton, Hugh  |e editor. 
942 |c GEN 
999 |c 41884  |d 41884 
952 |0 0  |1 0  |4 0  |6 Z_42_000000000000000_N5_J0_G  |7 0  |9 57041  |a LIB  |b LIB  |d 2013-03-25  |o z42.N5 J0, G  |p 42017  |r 2017-08-12  |w 2017-08-12  |y GEN